Gira el globo y adivina los países - Estadísticas

Estadísticas generales
  • Esta prueba ha sido intentada 29.868 veces
  • La puntuación promedio es 9 de 15
Respuestas en el mapa
Las respuestas están codificadas por una escala verde-roja en el mapa de la prueba según el % correcto abajo.
 
Estadísticas de respuestas
País País % Correcto
País Alemania
100%
País Alemania
100%
País Australia
100%
País Australia
100%
País Australia
100%
País China
100%
País China
100%
País China
100%
País Colombia
100%
País España
100%
País España
100%
País España
100%
País España
100%
País Francia
100%
País Francia
100%
País Francia
100%
País Argentina
98%
País Argentina
98%
País Brasil
98%
País China
98%
País China
98%
País España
98%
País Estados Unidos
98%
País Francia
98%
País Francia
98%
País Italia
98%
País Perú
98%
País Rusia
98%
País Alemania
97%
País China
97%
País China
97%
País China
97%
País Colombia
97%
País España
97%
País India
97%
País Rusia
97%
País Rusia
97%
País Rusia
97%
País Rusia
97%
País Australia
96%
País Brasil
96%
País Brasil
96%
País Chile
96%
País Egipto
96%
País Estados Unidos
96%
País Italia
96%
País Japón
96%
País México
96%
País Portugal
96%
País Rusia
96%
País Alemania
95%
País Argentina
95%
País Brasil
95%
País Brasil
95%
País Chile
95%
País China
95%
País España
95%
País España
95%
País Estados Unidos
95%
País Francia
95%
País India
95%
País Italia
95%
País Italia
95%
País México
95%
País Rusia
95%
País Samoa
95%
País Alemania
94%
País Argentina
94%
País China
94%
País China
94%
País China
94%
País China
94%
País España
94%
País Francia
94%
País Francia
94%
País Francia
94%
País México
94%
País Mongolia
94%
País Portugal
94%
País Rusia
94%
País Rusia
94%
País Rusia
94%
País Argentina
93%
País Argentina
93%
País Bélgica
93%
País Bélgica
93%
País Colombia
93%
País Ecuador
93%
País España
93%
País Estados Unidos
93%
País Francia
93%
País Francia
93%
País Francia
93%
País India
93%
País Italia
93%
País Marruecos
93%
País Portugal
93%
País Rusia
93%
País Rusia
93%
País Suecia
93%
País Alemania
92%
País Alemania
92%
País China
92%
País China
92%
País China
92%
País España
92%
País Marruecos
92%
País Perú
92%
País Reino Unido
92%
País Rusia
92%
País Rusia
92%
País Sudáfrica
92%
País Alemania
91%
País Alemania
91%
País Alemania
91%
País Bolivia
91%
País Bolivia
91%
País Bolivia
91%
País Brasil
91%
País Chile
91%
País China
91%
País China
91%
País Colombia
91%
País Colombia
91%
País Cuba
91%
País España
91%
País España
91%
País España
91%
País Estados Federados de Micronesia
91%
País Francia
91%
País Francia
91%
País Francia
91%
País Grecia
91%
País Guyana
91%
País Marruecos
91%
País Marruecos
91%
País Nueva Zelanda
91%
País Países Bajos
91%
País Papúa Nueva Guinea
91%
País Perú
91%
País Portugal
91%
País Rusia
91%
País Rusia
91%
País Venezuela
91%
País Venezuela
91%
País Andorra
90%
País Australia
90%
País Brasil
90%
País Canadá
90%
País Chile
90%
País China
90%
País China
90%
País China
90%
País China
90%
País China
90%
País Colombia
90%
País Corea del Norte
90%
País Corea del Sur
90%
País Francia
90%
País Francia
90%
País Indonesia
90%
País Italia
90%
País Italia
90%
País México
90%
País Mongolia
90%
País Níger
90%
País Portugal
90%
País República del Congo
90%
País República Democrática del Congo
90%
País Rusia
90%
País Rusia
90%
País Rusia
90%
País Somalia
90%
País Alemania
89%
País Alemania
89%
País Australia
89%
País Bélgica
89%
País Bolivia
89%
País Canadá
89%
País China
89%
País China
89%
País China
89%
País Corea del Norte
89%
País Corea del Sur
89%
País Dinamarca
89%
País Egipto
89%
País Francia
89%
País India
89%
País Israel
89%
País Italia
89%
País Italia
89%
País Italia
89%
País Japón
89%
País Marruecos
89%
País Marruecos
89%
País México
89%
País Nepal
89%
País Níger
89%
País Noruega
89%
País Nueva Zelanda
89%
País Países Bajos
89%
País Países Bajos
89%
País Paraguay
89%
País Paraguay
89%
País Perú
89%
País Venezuela
89%
País Albania
88%
País Bolivia
88%
País Bolivia
88%
País Canadá
88%
País China
88%
País China
88%
País Colombia
88%
País Cuba
88%
País Eslovenia
88%
País España
88%
País India
88%
País India
88%
País India
88%
País Italia
88%
País Japón
88%
País Japón
88%
País Paraguay
88%
País República del Congo
88%
País República Democrática del Congo
88%
País Rusia
88%
País Alemania
87%
País Alemania
87%
País Alemania
87%
País Arabia Saudita
87%
País Arabia Saudita
87%
País Argelia
87%
País Ecuador
87%
País Francia
87%
País Francia
87%
País India
87%
País Italia
87%
País Italia
87%
País Italia
87%
País Italia
87%
País Marruecos
87%
País Mongolia
87%
País Nepal
87%
País Polonia
87%
País Polonia
87%
País Rusia
87%
País Rusia
87%
País Surinam
87%
País Tailandia
87%
País Uruguay
87%
País Vietnam
87%
País Vietnam
87%
País Andorra
86%
País Arabia Saudita
86%
País Argelia
86%
País Argentina
86%
País Bélgica
86%
País Catar
86%
País China
86%
País Ecuador
86%
País Francia
86%
País India
86%
País Indonesia
86%
País Indonesia
86%
País Italia
86%
País Luxemburgo
86%
País Luxemburgo
86%
País Marruecos
86%
País Nauru
86%
País Nigeria
86%
País Noruega
86%
País Omán
86%
País Países Bajos
86%
País Pakistán
86%
País Paraguay
86%
País Perú
86%
País Reino Unido
86%
País Rusia
86%
País Rusia
86%
País Suiza
86%
País Ucrania
86%
País Yemen
86%
País Angola
85%
País Argentina
85%
País Austria
85%
País Bosnia y Herzegovina
85%
País Bosnia y Herzegovina
85%
País Brasil
85%
País Brasil
85%
País Chile
85%
País China
85%
País China
85%
País Croacia
85%
País Egipto
85%
País España
85%
País España
85%
País Estados Unidos
85%
País Estados Unidos
85%
País Francia
85%
País Italia
85%
País Marruecos
85%
País Marruecos
85%
País Marruecos
85%
País Namibia
85%
País Níger
85%
País Pakistán
85%
País Polonia
85%
País Reino Unido
85%
País República del Congo
85%
País República Democrática del Congo
85%
País Rusia
85%
País Rusia
85%
País Rusia
85%
País Sudáfrica
85%
País Vietnam
85%
País Zambia
85%
País Alemania
84%
País Alemania
84%
País Australia
84%
País Bélgica
84%
País Bielorrusia
84%
País China
84%
País Corea del Norte
84%
País Corea del Sur
84%
País Ecuador
84%
País Estados Unidos
84%
País Etiopía
84%
País Etiopía
84%
País Francia
84%
País India
84%
País India
84%
País India
84%
País Indonesia
84%
País Irán
84%
País Italia
84%
País Myanmar
84%
País Noruega
84%
País Omán
84%
País Papúa Nueva Guinea
84%
País Perú
84%
País Polonia
84%
País Polonia
84%
País Polonia
84%
País República del Congo
84%
País República Democrática del Congo
84%
País República Democrática del Congo
84%
País Rusia
84%
País Somalia
84%
País Suecia
84%
País Suiza
84%
País Suiza
84%
País Tailandia
84%
País Ucrania
84%
País Alemania
83%
País Alemania
83%
País Alemania
83%
País China
83%
País Corea del Sur
83%
País España
83%
País Estados Unidos
83%
País Francia
83%
País Francia
83%
País Grecia
83%
País India
83%
País India
83%
País India
83%
País India
83%
País Irán
83%
País Italia
83%
País Italia
83%
País Japón
83%
País Kazajistán
83%
País Mongolia
83%
País Mongolia
83%
País Myanmar
83%
País Noruega
83%
País Países Bajos
83%
País Panamá
83%
País Paraguay
83%
País Perú
83%
País Polonia
83%
País República del Congo
83%
País República Democrática del Congo
83%
País Rusia
83%
País Somalia
83%
País Sudáfrica
83%
País Suecia
83%
País Uzbekistán
83%
País Venezuela
83%
País Afganistán
82%
País Alemania
82%
País Alemania
82%
País Arabia Saudita
82%
País Argentina
82%
País Bélgica
82%
País Bielorrusia
82%
País Bielorrusia
82%
País Brasil
82%
País Chile
82%
País China
82%
País Cuba
82%
País Dinamarca
82%
País Dinamarca
82%
País Ecuador
82%
País Estados Unidos
82%
País India
82%
País India
82%
País Indonesia
82%
País Indonesia
82%
País Israel
82%
País Mongolia
82%
País Noruega
82%
País Noruega
82%
País Países Bajos
82%
País Pakistán
82%
País Pakistán
82%
País Panamá
82%
País República del Congo
82%
País República Democrática del Congo
82%
País Rusia
82%
País Sudáfrica
82%
País Suecia
82%
País Suiza
82%
País Taiwán
82%
País Tuvalu
82%
País Ucrania
82%
País Uruguay
82%
País Vanuatu
82%
País Arabia Saudita
81%
País Arabia Saudita
81%
País Argelia
81%
País Austria
81%
País Bélgica
81%
País Brasil
81%
País Camerún
81%
País China
81%
País Dinamarca
81%
País Dinamarca
81%
País Egipto
81%
País Egipto
81%
País España
81%
País Francia
81%
País India
81%
País India
81%
País Indonesia
81%
País Irán
81%
País Irán
81%
País Irlanda
81%
País Israel
81%
País Kenia
81%
País Letonia
81%
País Libia
81%
País Lituania
81%
País Luxemburgo
81%
País Malí
81%
País Mauritania
81%
País México
81%
País Montenegro
81%
País Pakistán
81%
País Paraguay
81%
País Polonia
81%
País Portugal
81%
País República Checa
81%
País República del Congo
81%
País República Democrática del Congo
81%
País República Democrática del Congo
81%
País Rusia
81%
País Serbia
81%
País Sudán
81%
País Sudán
81%
País Suiza
81%
País Tailandia
81%
País Togo
81%
País Túnez
81%
País Turkmenistán
81%
País Uruguay
81%
País Alemania
80%
País Arabia Saudita
80%
País Argelia
80%
País Argentina
80%
País Argentina
80%
País Austria
80%
País Bélgica
80%
País Bélgica
80%
País Bolivia
80%
País Botsuana
80%
País Colombia
80%
País Croacia
80%
País Cuba
80%
País Egipto
80%
País Egipto
80%
País Egipto
80%
País El Salvador
80%
País Emiratos Árabes Unidos
80%
País España
80%
País España
80%
País Estados Unidos
80%
País Francia
80%
País Grecia
80%
País Guatemala
80%
País India
80%
País Indonesia
80%
País Indonesia
80%
País Irak
80%
País Israel
80%
País Kenia
80%
País Laos
80%
País Libia
80%
País Marruecos
80%
País Mónaco
80%
País Noruega
80%
País Nueva Zelanda
80%
País Omán
80%
País Papúa Nueva Guinea
80%
País Polonia
80%
País Polonia
80%
País República del Congo
80%
País Rumania
80%
País Samoa
80%
País Sudáfrica
80%
País Sudáfrica
80%
País Suecia
80%
País Suecia
80%
País Suiza
80%
País Tailandia
80%
País Vietnam
80%
País Vietnam
80%
País Andorra
79%
País Angola
79%
País Argelia
79%
País Argelia
79%
País Australia
79%
País Bélgica
79%
País Brasil
79%
País Camboya
79%
País Ecuador
79%
País Egipto
79%
País Estados Federados de Micronesia
79%
País Estados Unidos
79%
País Estonia
79%
País Etiopía
79%
País Filipinas
79%
País Francia
79%
País Guyana
79%
País Guyana
79%
País India
79%
País India
79%
País India
79%
País India
79%
País Indonesia
79%
País Indonesia
79%
País Italia
79%
País Italia
79%
País Italia
79%
País Italia
79%
País Japón
79%
País Kazajistán
79%
País Malasia
79%
País Marruecos
79%
País Myanmar
79%
País Níger
79%
País Papúa Nueva Guinea
79%
País Paraguay
79%
País Polonia
79%
País Polonia
79%
País República Democrática del Congo
79%
País Rusia
79%
País Somalia
79%
País Suecia
79%
País Tailandia
79%
País Tailandia
79%
País Tailandia
79%
País Túnez
79%
País Uruguay
79%
País Vietnam
79%
País Yemen
79%
País Argelia
78%
País Austria
78%
País Brasil
78%
País Camboya
78%
País Camboya
78%
País Camerún
78%
País Colombia
78%
País Corea del Sur
78%
País Dinamarca
78%
País Dinamarca
78%
País Egipto
78%
País El Salvador
78%
País Etiopía
78%
País Francia
78%
País Ghana
78%
País Guatemala
78%
País Guyana
78%
País Honduras
78%
País India
78%
País Indonesia
78%
País Italia
78%
País Japón
78%
País Kenia
78%
País Laos
78%
País Luxemburgo
78%
País Malí
78%
País Marruecos
78%
País Mongolia
78%
País Nepal
78%
País Nigeria
78%
País Noruega
78%
País Países Bajos
78%
País Panamá
78%
País Panamá
78%
País Perú
78%
País Polonia
78%
País Polonia
78%
País Reino Unido
78%
País Reino Unido
78%
País Rusia
78%
País Sudán
78%
País Sudán del Sur
78%
País Suecia
78%
País Suiza
78%
País Surinam
78%
País Tailandia
78%
País Ucrania
78%
País Uruguay
78%
País Afganistán
77%
País Alemania
77%
País Alemania
77%
País Angola
77%
País Argelia
77%
País Argelia
77%
País Bélgica
77%
País Bielorrusia
77%
País Bielorrusia
77%
País Catar
77%
País Chad
77%
País Colombia
77%
País Croacia
77%
País Dinamarca
77%
País Dinamarca
77%
País Egipto
77%
País Eslovaquia
77%
País España
77%
País Estonia
77%
País Grecia
77%
País Grecia
77%
País Hungría
77%
País India
77%
País India
77%
País Irak
77%
País Irán
77%
País Irán
77%
País Italia
77%
País Kazajistán
77%
País Kazajistán
77%
País Kiribati
77%
País Kosovo
77%
País Lesoto
77%
País Letonia
77%
País Lituania
77%
País Lituania
77%
País Luxemburgo
77%
País Luxemburgo
77%
País Luxemburgo
77%
País Macedonia del Norte
77%
País Malasia
77%
País Myanmar
77%
País Nepal
77%
País Nigeria
77%
País Omán
77%
País Países Bajos
77%
País Países Bajos
77%
País Países Bajos
77%
País Países Bajos
77%
País Palaos
77%
País Papúa Nueva Guinea
77%
País Reino Unido
77%
País Reino Unido
77%
País República Checa
77%
País República Checa
77%
País República Checa
77%
País República del Congo
77%
País República Democrática del Congo
77%
País Sudán del Sur
77%
País Surinam
77%
País Tailandia
77%
País Tailandia
77%
País Tonga
77%
País Ucrania
77%
País Ucrania
77%
País Venezuela
77%
País Venezuela
77%
País Vietnam
77%
País Vietnam
77%
País Vietnam
77%
País Yemen
77%
País Yemen
77%
País Yemen
77%
País Afganistán
76%
País Afganistán
76%
País Albania
76%
País Angola
76%
País Austria
76%
País Bolivia
76%
País Canadá
76%
País Dinamarca
76%
País Ecuador
76%
País Egipto
76%
País Emiratos Árabes Unidos
76%
País Estonia
76%
País Etiopía
76%
País Filipinas
76%
País Guinea
76%
País India
76%
País Irán
76%
País Italia
76%
País Italia
76%
País Italia
76%
País Italia
76%
País Jamaica
76%
País Japón
76%
País Japón
76%
País Kazajistán
76%
País Kiribati
76%
País Kiribati
76%
País Laos
76%
País Laos
76%
País Moldavia
76%
País Mongolia
76%
País Montenegro
76%
País Myanmar
76%
País Nicaragua
76%
País Níger
76%
País Omán
76%
País Países Bajos
76%
País Polonia
76%
País República Centroafricana
76%
País Senegal
76%
País Sierra Leona
76%
País Sudáfrica
76%
País Sudán
76%
País Sudán
76%
País Sudán
76%
País Suecia
76%
País Suiza
76%
País Surinam
76%
País Tailandia
76%
País Taiwán
76%
País Túnez
76%
País Uzbekistán
76%
País Vanuatu
76%
País Venezuela
76%
País Vietnam
76%
País Bélgica
75%
País Belice
75%
País Bielorrusia
75%
País Bolivia
75%
País Brasil
75%
País Bulgaria
75%
País Camboya
75%
País Camerún
75%
País Chad
75%
País Chad
75%
País Chile
75%
País Cuba
75%
País Dinamarca
75%
País Ecuador
75%
País Gabón
75%
País Grecia
75%
País Honduras
75%
País India
75%
País Irak
75%
País Irán
75%
País Italia
75%
País Jamaica
75%
País Laos
75%
País Letonia
75%
País Letonia
75%
País Lituania
75%
País Marruecos
75%
País Namibia
75%
País Nicaragua
75%
País Pakistán
75%
País Paraguay
75%
País Perú
75%
País Perú
75%
País Polonia
75%
País República Centroafricana
75%
País República del Congo
75%
País Senegal
75%
País Serbia
75%
País Somalia
75%
País Sudán
75%
País Sudán del Sur
75%
País Tailandia
75%
País Trinidad y Tobago
75%
País Turquía
75%
País Zambia
75%
País Andorra
74%
País Andorra
74%
País Angola
74%
País Argelia
74%
País Argelia
74%
País Argelia
74%
País Argentina
74%
País Bangladés
74%
País Bután
74%
País Camboya
74%
País Chad
74%
País Chile
74%
País Corea del Norte
74%
País Corea del Sur
74%
País Corea del Sur
74%
País Ecuador
74%
País Egipto
74%
País El Salvador
74%
País Eslovenia
74%
País España
74%
País Estados Unidos
74%
País Estonia
74%
País Estonia
74%
País Francia
74%
País Francia
74%
País Hungría
74%
País India
74%
País Indonesia
74%
País Irán
74%
País Islas Marshall
74%
País Israel
74%
País Italia
74%
País Italia
74%
País Jordania
74%
País Kirguistán
74%
País Kosovo
74%
País Letonia
74%
País Libia
74%
País Lituania
74%
País Malasia
74%
País Malasia
74%
País Malasia
74%
País Mongolia
74%
País Nepal
74%
País Níger
74%
País Países Bajos
74%
País Pakistán
74%
País Panamá
74%
País Perú
74%
País República Checa
74%
País República del Congo
74%
País República Democrática del Congo
74%
País República Democrática del Congo
74%
País Rumania
74%
País Rumania
74%
País Senegal
74%
País Singapur
74%
País Sudáfrica
74%
País Sudán
74%
País Suiza
74%
País Tailandia
74%
País Túnez
74%
País Ucrania
74%
País Afganistán
73%
País Arabia Saudita
73%
País Australia
73%
País Austria
73%
País Austria
73%
País Bélgica
73%
País Belice
73%
País Bolivia
73%
País Bulgaria
73%
País Camboya
73%
País Catar
73%
País Chile
73%
País Corea del Norte
73%
País Corea del Sur
73%
País Dinamarca
73%
País Ecuador
73%
País Egipto
73%
País Egipto
73%
País Fiyi
73%
País Guatemala
73%
País Guyana
73%
País Haití
73%
País Italia
73%
País Italia
73%
País Jamaica
73%
País Jordania
73%
País Kenia
73%
País Kosovo
73%
País Mauritania
73%
País Mongolia
73%
País Nepal
73%
País Níger
73%
País Níger
73%
País Níger
73%
País Noruega
73%
País Omán
73%
País Panamá
73%
País Panamá
73%
País Panamá
73%
País Polonia
73%
País Reino Unido
73%
País Reino Unido
73%
País República Democrática del Congo
73%
País República Democrática del Congo
73%
País Rumania
73%
País Serbia
73%
País Siria
73%
País Sri Lanka
73%
País Sudán
73%
País Sudán
73%
País Sudán
73%
País Suiza
73%
País Turquía
73%
País Alemania
72%
País Argelia
72%
País Austria
72%
País Camboya
72%
País China
72%
País Colombia
72%
País Corea del Norte
72%
País Corea del Norte
72%
País Corea del Sur
72%
País Corea del Sur
72%
País Costa de Marfil
72%
País Croacia
72%
País Dinamarca
72%
País Egipto
72%
País Eslovenia
72%
País Estados Federados de Micronesia
72%
País Estados Federados de Micronesia
72%
País Estados Unidos
72%
País Estados Unidos
72%
País Finlandia
72%
País Fiyi
72%
País Francia
72%
País Ghana
72%
País Guinea
72%
País Haití
72%
País Hungría
72%
País India
72%
País Islas Marshall
72%
País Islas Salomón
72%
País Kazajistán
72%
País Kazajistán
72%
País Kenia
72%
País Kosovo
72%
País Laos
72%
País Laos
72%
País Lituania
72%
País Luxemburgo
72%
País Malta
72%
País Mónaco
72%
País Nauru
72%
País Rumania
72%
País Samoa
72%
País Senegal
72%
País Serbia
72%
País Sudán
72%
País Sudán del Sur
72%
País Suiza
72%
País Tanzania
72%
País Tanzania
72%
País Túnez
72%
País Tuvalu
72%
País Tuvalu
72%
País Ucrania
72%
País Uganda
72%
País Vanuatu
72%
País Vietnam
72%
País Afganistán
71%
País Afganistán
71%
País Alemania
71%
País Arabia Saudita
71%
País Arabia Saudita
71%
País Austria
71%
País Belice
71%
País Benín
71%
País Brunéi
71%
País Burkina Faso
71%
País Chad
71%
País Chad
71%
País Ciudad del Vaticano
71%
País Corea del Norte
71%
País Corea del Sur
71%
País Costa de Marfil
71%
País Costa de Marfil
71%
País Croacia
71%
País Estados Unidos
71%
País Estonia
71%
País Estonia
71%
País Francia
71%
País Grecia
71%
País Grecia
71%
País India
71%
País Irán
71%
País Kazajistán
71%
País Laos
71%
País Letonia
71%
País Libia
71%
País Lituania
71%
País Luxemburgo
71%
País Malí
71%
País Mauritania
71%
País Mongolia
71%
País Mongolia
71%
País Mongolia
71%
País Myanmar
71%
País Myanmar
71%
País Namibia
71%
País Níger
71%
País Níger
71%
País Níger
71%
País Nigeria
71%
País Noruega
71%
País Países Bajos
71%
País Países Bajos
71%
País Pakistán
71%
País Pakistán
71%
País Pakistán
71%
País Panamá
71%
País Papúa Nueva Guinea
71%
País Polonia
71%
País Polonia
71%
País Reino Unido
71%
País Reino Unido
71%
País República Democrática del Congo
71%
País República Democrática del Congo
71%
País Rumania
71%
País Suecia
71%
País Suecia
71%
País Suecia
71%
País Suecia
71%
País Suiza
71%
País Taiwán
71%
País Tanzania
71%
País Tayikistán
71%
País Túnez
71%
País Uganda
71%
País Uganda
71%
País Uruguay
71%
País Uzbekistán
71%
País Vietnam
71%
País Afganistán
70%
País Afganistán
70%
País Albania
70%
País Arabia Saudita
70%
País Argelia
70%
País Argelia
70%
País Brasil
70%
País Bután
70%
País Camerún
70%
País Colombia
70%
País Corea del Norte
70%
País Costa Rica
70%
País Croacia
70%
País Croacia
70%
País Dominica
70%
País El Salvador
70%
País Eslovaquia
70%
País Etiopía
70%
País Filipinas
70%
País Francia
70%
País Francia
70%
País Francia
70%
País Grecia
70%
País Guatemala
70%
País Guatemala
70%
País Guinea
70%
País Guinea Ecuatorial
70%
País Haití
70%
País Haití
70%
País Honduras
70%
País Honduras
70%
País Irak
70%
País Irán
70%
País Irlanda
70%
País Islandia
70%
País Jamaica
70%
País Jordania
70%
País Jordania
70%
País Kosovo
70%
País Laos
70%
País Laos
70%
País Libia
70%
País Luxemburgo
70%
País Macedonia del Norte
70%
País Macedonia del Norte
70%
País Malí
70%
País Montenegro
70%
País Níger
70%
País Níger
70%
País Nigeria
70%
País Panamá
70%
País Polonia
70%
País Reino Unido
70%
País República Checa
70%
País Rumania
70%
País Santa Lucía
70%
País San Vicente y las Granadinas
70%
País Sri Lanka
70%
País Sudán
70%
País Sudán
70%
País Suiza
70%
País Suiza
70%
País Tailandia
70%
País Turkmenistán
70%
País Turquía
70%
País Uruguay
70%
País Venezuela
70%
País Alemania
69%
País Argelia
69%
País Bahamas
69%
País Bahamas
69%
País Bélgica
69%
País Bélgica
69%
País Bielorrusia
69%
País Bulgaria
69%
País Camboya
69%
País China
69%
País Colombia
69%
País Colombia
69%
País Croacia
69%
País Croacia
69%
País Emiratos Árabes Unidos
69%
País Eslovaquia
69%
País Estonia
69%
País Estonia
69%
País Filipinas
69%
País Filipinas
69%
País Haití
69%
País Hungría
69%
País Hungría
69%
País India
69%
País Irak
69%
País Kosovo
69%
País Laos
69%
País Letonia
69%
País Lituania
69%
País Luxemburgo
69%
País Luxemburgo
69%
País Malí
69%
País Mauritania
69%
País Mozambique
69%
País Níger
69%
País Omán
69%
País Panamá
69%
País Panamá
69%
País Polonia
69%
País Reino Unido
69%
País República Checa
69%
País República Checa
69%
País República Dominicana
69%
País Rumania
69%
País Serbia
69%
País Serbia
69%
País Sudán
69%
País Tayikistán
69%
País Togo
69%
País Turquía
69%
País Ucrania
69%
País Ucrania
69%
País Ucrania
69%
País Uzbekistán
69%
País Yemen
69%
País Zimbabue
69%
País Alemania
68%
País Alemania
68%
País Arabia Saudita
68%
País Argelia
68%
País Bahamas
68%
País Bélgica
68%
País Bélgica
68%
País Bielorrusia
68%
País Botsuana
68%
País Bulgaria
68%
País Chad
68%
País China
68%
País Colombia
68%
País Costa Rica
68%
País Costa Rica
68%
País Costa Rica
68%
País Croacia
68%
País Croacia
68%
País Cuba
68%
País Cuba
68%
País Eslovaquia
68%
País Eslovenia
68%
País España
68%
País Estados Federados de Micronesia
68%
País Estados Unidos
68%
País Estonia
68%
País Etiopía
68%
País Etiopía
68%
País Filipinas
68%
País Filipinas
68%
País Finlandia
68%
País Fiyi
68%
País Guatemala
68%
País India
68%
País India
68%
País Indonesia
68%
País Irak
68%
País Irán
68%
País Islas Marshall
68%
País Islas Salomón
68%
País Islas Salomón
68%
País Islas Salomón
68%
País Islas Salomón
68%
País Italia
68%
País Italia
68%
País Kazajistán
68%
País Kazajistán
68%
País Kenia
68%
País Kenia
68%
País Kosovo
68%
País Laos
68%
País Letonia
68%
País Libia
68%
País Libia
68%
País Libia
68%
País Libia
68%
País Lituania
68%
País Luxemburgo
68%
País Macedonia del Norte
68%
País Moldavia
68%
País Nauru
68%
País Nicaragua
68%
País Países Bajos
68%
País Países Bajos
68%
País Pakistán
68%
País Palaos
68%
País Paraguay
68%
País Reino Unido
68%
País República del Congo
68%
País República del Congo
68%
País República Democrática del Congo
68%
País República Dominicana
68%
País Ruanda
68%
País Ruanda
68%
País Rumania
68%
País Rumania
68%
País Samoa
68%
País Somalia
68%
País Somalia
68%
País Sudáfrica
68%
País Sudán
68%
País Sudán
68%
País Sudán
68%
País Sudán
68%
País Sudán
68%
País Sudán del Sur
68%
País Surinam
68%
País Tailandia
68%
País Tanzania
68%
País Tonga
68%
País Turquía
68%
País Turquía
68%
País Ucrania
68%
País Uganda
68%
País Uganda
68%
País Uzbekistán
68%
País Venezuela
68%
País Vietnam
68%
País Vietnam
68%
País Vietnam
68%
País Vietnam
68%
País Albania
67%
País Andorra
67%
País Argelia
67%
País Australia
67%
País Bangladés
67%
País Bélgica
67%
País Bosnia y Herzegovina
67%
País Bosnia y Herzegovina
67%
País Bulgaria
67%
País Camerún
67%
País Canadá
67%
País Croacia
67%
País Egipto
67%
País Eslovaquia
67%
País Estados Federados de Micronesia
67%
País Esuatini
67%
País Fiyi
67%
País Ghana
67%
País Ghana
67%
País Guinea
67%
País Guinea Ecuatorial
67%
País Hungría
67%
País Hungría
67%
País Indonesia
67%
País Indonesia
67%
País Irak
67%
País Irak
67%
País Irán
67%
País Irlanda
67%
País Irlanda
67%
País Irlanda
67%
País Islas Marshall
67%
País Italia
67%
País Kenia
67%
País Kenia
67%
País Kirguistán
67%
País Kirguistán
67%
País Lesoto
67%
País Libia
67%
País Libia
67%
País Libia
67%
País Lituania
67%
País Luxemburgo
67%
País Macedonia del Norte
67%
País Macedonia del Norte
67%
País Malasia
67%
País Malasia
67%
País Malí
67%
País Mongolia
67%
País Mozambique
67%
País Myanmar
67%
País Nepal
67%
País Níger
67%
País Níger
67%
País Nigeria
67%
País Nigeria
67%
País Nigeria
67%
País Paraguay
67%
País Polonia
67%
País República Centroafricana
67%
País República Checa
67%
País República del Congo
67%
País República del Congo
67%
País República Democrática del Congo
67%
País República Democrática del Congo
67%
País República Democrática del Congo
67%
País República Dominicana
67%
País Rumania
67%
País Singapur
67%
País Singapur
67%
País Singapur
67%
País Singapur
67%
País Siria
67%
País Sri Lanka
67%
País Sudán
67%
País Sudán
67%
País Sudán
67%
País Sudán del Sur
67%
País Sudán del Sur
67%
País Sudán del Sur
67%
País Sudán del Sur
67%
País Suecia
67%
País Suecia
67%
País Suiza
67%
País Suiza
67%
País Suiza
67%
País Togo
67%
País Turkmenistán
67%
País Tuvalu
67%
País Ucrania
67%
País Uzbekistán
67%
País Venezuela
67%
País Afganistán
66%
País Alemania
66%
País Austria
66%
País Bangladés
66%
País Belice
66%
País Botsuana
66%
País Burkina Faso
66%
País Cabo Verde
66%
País Ciudad del Vaticano
66%
País Costa Rica
66%
País Dinamarca
66%
País Egipto
66%
País Francia
66%
País Francia
66%
País Gambia
66%
País Ghana
66%
País Grecia
66%
País Guinea
66%
País Guinea-Bissau
66%
País Guyana
66%
País Haití
66%
País Honduras
66%
País Honduras
66%
País India
66%
País Indonesia
66%
País Indonesia
66%
País Irán
66%
País Irlanda
66%
País Kirguistán
66%
País Laos
66%
País Laos
66%
País Letonia
66%
País Letonia
66%
País Liberia
66%
País Malí
66%
País Malí
66%
País Pakistán
66%
País Pakistán
66%
País Polonia
66%
País Polonia
66%
País Reino Unido
66%
País República del Congo
66%
País República Democrática del Congo
66%
País Somalia
66%
País Sudán
66%
País Tailandia
66%
País Taiwán
66%
País Vietnam
66%
País Zambia
66%
País Albania
65%
País Arabia Saudita
65%
País Austria
65%
País Bangladés
65%
País Bielorrusia
65%
País Bosnia y Herzegovina
65%
País Botsuana
65%
País Bulgaria
65%
País Bulgaria
65%
País China
65%
País Cuba
65%
País Cuba
65%
País Emiratos Árabes Unidos
65%
País Esuatini
65%
País Etiopía
65%
País Filipinas
65%
País Francia
65%
País Francia
65%
País Francia
65%
País Francia
65%
País Francia
65%
País Guinea
65%
País Haití
65%
País Hungría
65%
País Indonesia
65%
País Irán
65%
País Irán
65%
País Irán
65%
País Irán
65%
País Islandia
65%
País Israel
65%
País Italia
65%
País Kazajistán
65%
País Kirguistán
65%
País Kosovo
65%
País Laos
65%
País Lesoto
65%
País Libia
65%
País Luxemburgo
65%
País Madagascar
65%
País Malaui
65%
País Nicaragua
65%
País Noruega
65%
País Omán
65%
País Panamá
65%
País Reino Unido
65%
País República del Congo
65%
País República Dominicana
65%
País Ruanda
65%
País San Cristóbal y Nieves
65%
País San Marino
65%
País Serbia
65%
País Sudán
65%
País Sudán del Sur
65%
País Suiza
65%
País Tanzania
65%
País Tayikistán
65%
País Turkmenistán
65%
País Uzbekistán
65%
País Uzbekistán
65%
País Venezuela
65%
País Venezuela
65%
País Venezuela
65%
País Zambia
65%
País Afganistán
64%
País Angola
64%
País Arabia Saudita
64%
País Austria
64%
País Austria
64%
País Bosnia y Herzegovina
64%
País Bulgaria
64%
País Burkina Faso
64%
País Camboya
64%
País Camboya
64%
País Catar
64%
País Chad
64%
País Colombia
64%
País Ecuador
64%
País Eslovaquia
64%
País Eslovenia
64%
País Eslovenia
64%
País Etiopía
64%
País Filipinas
64%
País Filipinas
64%
País Francia
64%
País Grecia
64%
País Guyana
64%
País Haití
64%
País Hungría
64%
País India
64%
País Irak
64%
País Irak
64%
País Irak
64%
País Islas Marshall
64%
País Israel
64%
País Italia
64%
País Jamaica
64%
País Jamaica
64%
País Jamaica
64%
País Jordania
64%
País Kazajistán
64%
País Kenia
64%
País Kenia
64%
País Lituania
64%
País Malasia
64%
País Maldivas
64%
País Mauritania
64%
País Moldavia
64%
País Myanmar
64%
País Namibia
64%
País Nauru
64%
País Nepal
64%
País Nepal
64%
País Nicaragua
64%
País Nigeria
64%
País Palaos
64%
País Polonia
64%
País República Centroafricana
64%
País República Checa
64%
País República Checa
64%
País República Democrática del Congo
64%
País República Democrática del Congo
64%
País República Democrática del Congo
64%
País República Democrática del Congo
64%
País Rumania
64%
País Serbia
64%
País Sri Lanka
64%
País Sri Lanka
64%
País Sudán
64%
País Tanzania
64%
País Tanzania
64%
País Turquía
64%
País Vietnam
64%
País Arabia Saudita
63%
País Argelia
63%
País Argelia
63%
País Argelia
63%
País Bangladés
63%
País Bangladés
63%
País Bangladés
63%
País Belice
63%
País Bosnia y Herzegovina
63%
País Botsuana
63%
País Camboya
63%
País Camboya
63%
País Chad
63%
País Colombia
63%
País Costa Rica
63%
País Eslovaquia
63%
País Gabón
63%
País Gambia
63%
País Hungría
63%
País Hungría
63%
País Irak
63%
País Irak
63%
País Irak
63%
País Irán
63%
País Irlanda
63%
País Irlanda
63%
País Israel
63%
País Jordania
63%
País Kazajistán
63%
País Kenia
63%
País Kosovo
63%
País Laos
63%
País Lesoto
63%
País Líbano
63%
País Macedonia del Norte
63%
País Madagascar
63%
País Malasia
63%
País Malta
63%
País Mauritania
63%
País México
63%
País Mongolia
63%
País Montenegro
63%
País Montenegro
63%
País Myanmar
63%
País Myanmar
63%
País Nepal
63%
País Nicaragua
63%
País Níger
63%
País Noruega
63%
País Pakistán
63%
País Polonia
63%
País Reino Unido
63%
País Ruanda
63%
País Rumania
63%
País Samoa
63%
País Serbia
63%
País Singapur
63%
País Siria
63%
País Somalia
63%
País Sudán del Sur
63%
País Sudán del Sur
63%
País Suecia
63%
País Tailandia
63%
País Tailandia
63%
País Tanzania
63%
País Tayikistán
63%
País Turkmenistán
63%
País Uzbekistán
63%
País Zimbabue
63%
País Afganistán
62%
País Benín
62%
País Bulgaria
62%
País Burkina Faso
62%
País Cabo Verde
62%
País Camboya
62%
País Catar
62%
País Chad
62%
País Ciudad del Vaticano
62%
País Croacia
62%
País Croacia
62%
País Croacia
62%
País Eritrea
62%
País Eslovaquia
62%
País Eslovaquia
62%
País Eslovenia
62%
País Finlandia
62%
País Francia
62%
País Guinea
62%
País Guinea-Bissau
62%
País Guinea-Bissau
62%
País Irán
62%
País Italia
62%
País Kosovo
62%
País Líbano
62%
País Liberia
62%
País Libia
62%
País Mauritania
62%
País México
62%
País Montenegro
62%
País Montenegro
62%
País Nauru
62%
País Palaos
62%
País República Centroafricana
62%
País República Checa
62%
País República Checa
62%
País Rumania
62%
País Rumania
62%
País Rumania
62%
País Samoa
62%
País Senegal
62%
País Senegal
62%
País Serbia
62%
País Somalia
62%
País Somalia
62%
País Sudán del Sur
62%
País Turkmenistán
62%
País Turquía
62%
País Turquía
62%
País Uganda
62%
País Uzbekistán
62%
País Uzbekistán
62%
País Vanuatu
62%
País Yemen
62%
País Afganistán
61%
País Albania
61%
País Alemania
61%
País Arabia Saudita
61%
País Argelia
61%
País Australia
61%
País Bolivia
61%
País Bután
61%
País Bután
61%
País Camerún
61%
País Catar
61%
País Corea del Sur
61%
País Dinamarca
61%
País Dinamarca
61%
País Dinamarca
61%
País Emiratos Árabes Unidos
61%
País Eslovaquia
61%
País Etiopía
61%
País Gabón
61%
País Georgia
61%
País Guinea-Bissau
61%
País Guyana
61%
País Hungría
61%
País India
61%
País Irán
61%
País Irlanda
61%
País Kazajistán
61%
País Kirguistán
61%
País Laos
61%
País Lesoto
61%
País Letonia
61%
País Libia
61%
País Madagascar
61%
País Madagascar
61%
País Malí
61%
País Mauritania
61%
País Mauritania
61%
País Moldavia
61%
País Mónaco
61%
País Myanmar
61%
País Nepal
61%
País Países Bajos
61%
País Pakistán
61%
País Perú
61%
País Reino Unido
61%
País Reino Unido
61%
País Rumania
61%
País Rumania
61%
País Rumania
61%
País San Marino
61%
País Siria
61%
País Somalia
61%
País Sudán
61%
País Surinam
61%
País Taiwán
61%
País Tanzania
61%
País Tanzania
61%
País Tanzania
61%
País Túnez
61%
País Turkmenistán
61%
País Turquía
61%
País Turquía
61%
País Uzbekistán
61%
País Uzbekistán
61%
País Venezuela
61%
País Yemen
61%
País Zambia
61%
País Afganistán
60%
País Afganistán
60%
País Albania
60%
País Azerbaiyán
60%
País Bahamas
60%
País Burundi
60%
País Camboya
60%
País Canadá
60%
País Chad
60%
País Ciudad del Vaticano
60%
País Ciudad del Vaticano
60%
País Costa de Marfil
60%
País Croacia
60%
País Cuba
60%
País Dinamarca
60%
País Eslovenia
60%
País Estados Unidos
60%
País Etiopía
60%
País Filipinas
60%
País Ghana
60%
País Granada
60%
País Guyana
60%
País Guyana
60%
País Haití
60%
País Irlanda
60%
País Irlanda
60%
País Islas Marshall
60%
País Jordania
60%
País Laos
60%
País Líbano
60%
País Liberia
60%
País Libia
60%
País Libia
60%
País Malasia
60%
País Montenegro
60%
País Nicaragua
60%
País Nigeria
60%
País Nigeria
60%
País Pakistán
60%
País Palaos
60%
País Panamá
60%
País República Centroafricana
60%
País República Dominicana
60%
País Ruanda
60%
País Siria
60%
País Siria
60%
País Sri Lanka
60%
País Sudán
60%
País Sudán
60%
País Sudán del Sur
60%
País Suiza
60%
País Tailandia
60%
País Tanzania
60%
País Tayikistán
60%
País Timor Oriental
60%
País Turkmenistán
60%
País Turquía
60%
País Turquía
60%
País Uruguay
60%
País Vietnam
60%
País Yemen
60%
País Albania
59%
País Albania
59%
País Albania
59%
País Albania
59%
País Angola
59%
País Austria
59%
País Austria
59%
País Bahamas
59%
País Bahamas
59%
País Bosnia y Herzegovina
59%
País Bosnia y Herzegovina
59%
País Bulgaria
59%
País Chad
59%
País Chipre
59%
País Croacia
59%
País Croacia
59%
País Eslovaquia
59%
País Eslovenia
59%
País Eslovenia
59%
País Esuatini
59%
País Etiopía
59%
País Filipinas
59%
País Filipinas
59%
País Filipinas
59%
País Francia
59%
País Gabón
59%
País Georgia
59%
País Hungría
59%
País India
59%
País Jamaica
59%
País Lesoto
59%
País Líbano
59%
País Libia
59%
País Malasia
59%
País Malaui
59%
País Malí
59%
País Malí
59%
País Malta
59%
País Mauritania
59%
País Mauritania
59%
País Moldavia
59%
País Montenegro
59%
País Mozambique
59%
País Namibia
59%
País Nepal
59%
País Nepal
59%
País Omán
59%
País Omán
59%
País Palaos
59%
País Panamá
59%
País Panamá
59%
País Panamá
59%
País República Democrática del Congo
59%
País Ruanda
59%
País Senegal
59%
País Senegal
59%
País Serbia
59%
País Sierra Leona
59%
País Siria
59%
País Somalia
59%
País Sudán del Sur
59%
País Surinam
59%
País Tanzania
59%
País Tanzania
59%
País Túnez
59%
País Túnez
59%
País Turkmenistán
59%
País Turquía
59%
País Turquía
59%
País Tuvalu
59%
País Uzbekistán
59%
País Vanuatu
59%
País Venezuela
59%
País Yemen
59%
País Austria
58%
País Austria
58%
País Austria
58%
País Azerbaiyán
58%
País Bangladés
58%
País Benín
58%
País Bosnia y Herzegovina
58%
País Bulgaria
58%
País Bulgaria
58%
País Burkina Faso
58%
País Burundi
58%
País Bután
58%
País Bután
58%
País Cabo Verde
58%
País Camboya
58%
País Chad
58%
País Chad
58%
País Chad
58%
País Chipre
58%
País Costa de Marfil
58%
País Eritrea
58%
País Etiopía
58%
País Filipinas
58%
País Francia
58%
País Gabón
58%
País Ghana
58%
País Honduras
58%
País Hungría
58%
País Irak
58%
País Irak
58%
País Irán
58%
País Irán
58%
País Kenia
58%
País Kirguistán
58%
País Kirguistán
58%
País Kiribati
58%
País Kuwait
58%
País Kuwait
58%
País Luxemburgo
58%
País Malaui
58%
País Malí
58%
País Myanmar
58%
País Myanmar
58%
País Namibia
58%
País Nauru
58%
País Nepal
58%
País Nepal
58%
País Níger
58%
País Pakistán
58%
País República Checa
58%
País República Democrática del Congo
58%
País Ruanda
58%
País San Marino
58%
País Somalia
58%
País Sri Lanka
58%
País Sudán del Sur
58%
País Suecia
58%
País Taiwán
58%
País Taiwán
58%
País Tanzania
58%
País Tanzania
58%
País Tanzania
58%
País Tayikistán
58%
País Tayikistán
58%
País Tayikistán
58%
País Turkmenistán
58%
País Turquía
58%
País Tuvalu
58%
País Vanuatu
58%
País Yemen
58%
País Zambia
58%
País Afganistán
57%
País Angola
57%
País Angola
57%
País Arabia Saudita
57%
País Arabia Saudita
57%
País Arabia Saudita
57%
País Austria
57%
País Austria
57%
País Bosnia y Herzegovina
57%
País Bosnia y Herzegovina
57%
País Bosnia y Herzegovina
57%
País Camboya
57%
País Camboya
57%
País Camerún
57%
País Chad
57%
País Costa de Marfil
57%
País Costa Rica
57%
País Croacia
57%
País El Salvador
57%
País Eslovaquia
57%
País Etiopía
57%
País Etiopía
57%
País Francia
57%
País Gambia
57%
País Georgia
57%
País Ghana
57%
País Grecia
57%
País Hungría
57%
País Hungría
57%
País Irak
57%
País Irlanda
57%
País Israel
57%
País Israel
57%
País Italia
57%
País Jordania
57%
País Kenia
57%
País Kiribati
57%
País Kuwait
57%
País Kuwait
57%
País Liberia
57%
País Libia
57%
País Luxemburgo
57%
País Malí
57%
País Malí
57%
País Malí
57%
País Mauritania
57%
País Montenegro
57%
País Nicaragua
57%
País Nigeria
57%
País Paraguay
57%
País República Checa
57%
País Serbia
57%
País Serbia
57%
País Serbia
57%
País Sierra Leona
57%
País Siria
57%
País Somalia
57%
País Sudáfrica
57%
País Sudán
57%
País Sudán
57%
País Sudán
57%
País Sudán del Sur
57%
País Surinam
57%
País Taiwán
57%
País Taiwán
57%
País Túnez
57%
País Turkmenistán
57%
País Uruguay
57%
País Vietnam
57%
País Zimbabue
57%
País Afganistán
56%
País Albania
56%
País Bangladés
56%
País Belice
56%
País Brunéi
56%
País Burkina Faso
56%
País Bután
56%
País Camerún
56%
País Chad
56%
País Chad
56%
País Chad
56%
País Ciudad del Vaticano
56%
País Ciudad del Vaticano
56%
País Colombia
56%
País Colombia
56%
País Costa de Marfil
56%
País El Salvador
56%
País Eslovaquia
56%
País Eslovaquia
56%
País Estados Unidos
56%
País Estonia
56%
País Filipinas
56%
País Filipinas
56%
País Filipinas
56%
País Francia
56%
País Guyana
56%
País Hungría
56%
País India
56%
País Irán
56%
País Jordania
56%
País Kenia
56%
País Lesoto
56%
País Madagascar
56%
País Madagascar
56%
País Mauritania
56%
País Mauritania
56%
País Mozambique
56%
País Myanmar
56%
País Níger
56%
País Nigeria
56%
País Reino Unido
56%
País República Checa
56%
País República del Congo
56%
País República Democrática del Congo
56%
País Ruanda
56%
País San Marino
56%
País San Marino
56%
País Santa Lucía
56%
País Serbia
56%
País Sierra Leona
56%
País Siria
56%
País Somalia
56%
País Sudáfrica
56%
País Sudán
56%
País Sudán
56%
País Sudán del Sur
56%
País Suiza
56%
País Togo
56%
País Túnez
56%
País Ucrania
56%
País Uganda
56%
País Venezuela
56%
País Vietnam
56%
País Vietnam
56%
País Vietnam
56%
País Zambia
56%
País Albania
55%
País Antigua y Barbuda
55%
País Armenia
55%
País Australia
55%
País Austria
55%
País Austria
55%
País Bahamas
55%
País Bosnia y Herzegovina
55%
País Brasil
55%
País Bután
55%
País Camboya
55%
País Camerún
55%
País Camerún
55%
País Colombia
55%
País Colombia
55%
País Costa de Marfil
55%
País Eritrea
55%
País Eslovaquia
55%
País Estados Unidos
55%
País Estonia
55%
País Etiopía
55%
País Fiyi
55%
País Francia
55%
País Francia
55%
País Georgia
55%
País Guinea-Bissau
55%
País Haití
55%
País Irán
55%
País Kazajistán
55%
País Kirguistán
55%
País Kiribati
55%
País Kuwait
55%
País Laos
55%
País Liberia
55%
País Liberia
55%
País Libia
55%
País Lituania
55%
País Macedonia del Norte
55%
País Malta
55%
País Mónaco
55%
País Montenegro
55%
País Mozambique
55%
País Myanmar
55%
País Nicaragua
55%
País Nigeria
55%
País Nigeria
55%
País Omán
55%
País Pakistán
55%
País Pakistán
55%
País Pakistán
55%
País Paraguay
55%
País República Centroafricana
55%
País República Centroafricana
55%
País República Centroafricana
55%
País República Democrática del Congo
55%
País República Dominicana
55%
País San Vicente y las Granadinas
55%
País Serbia
55%
País Sierra Leona
55%
País Somalia
55%
País Sudán
55%
País Sudán del Sur
55%
País Surinam
55%
País Tailandia
55%
País Timor Oriental
55%
País Trinidad y Tobago
55%
País Uganda
55%
País Uganda
55%
País Uzbekistán
55%
País Venezuela
55%
País Vietnam
55%
País Yemen
55%
País Afganistán
54%
País Albania
54%
País Armenia
54%
País Austria
54%
País Bangladés
54%
País Bolivia
54%
País Bután
54%
País Camerún
54%
País Camerún
54%
País Catar
54%
País Costa de Marfil
54%
País Costa Rica
54%
País Croacia
54%
País Croacia
54%
País Ecuador
54%
País Eritrea
54%
País Eslovaquia
54%
País Eslovenia
54%
País Eslovenia
54%
País Eslovenia
54%
País Estados Federados de Micronesia
54%
País Estados Unidos
54%
País Esuatini
54%
País Ghana
54%
País Ghana
54%
País Ghana
54%
País Guyana
54%
País Indonesia
54%
País Indonesia
54%
País Irán
54%
País Islandia
54%
País Islas Marshall
54%
País Kirguistán
54%
País Kosovo
54%
País Malaui
54%
País Moldavia
54%
País Mónaco
54%
País Mónaco
54%
País Mozambique
54%
País Myanmar
54%
País Níger
54%
País Omán
54%
País Omán
54%
País Rumania
54%
País Senegal
54%
País Serbia
54%
País Suiza
54%
País Tanzania
54%
País Tayikistán
54%
País Túnez
54%
País Turquía
54%
País Ucrania
54%
País Alemania
53%
País Argelia
53%
País Armenia
53%
País Armenia
53%
País Azerbaiyán
53%
País Azerbaiyán
53%
País Bangladés
53%
País Bosnia y Herzegovina
53%
País Botsuana
53%
País Botsuana
53%
País Brunéi
53%
País Bután
53%
País Chad
53%
País Chad
53%
País Chad
53%
País Estados Unidos
53%
País Fiyi
53%
País Francia
53%
País Francia
53%
País Georgia
53%
País Georgia
53%
País Georgia
53%
País Ghana
53%
País India
53%
País Indonesia
53%
País Irak
53%
País Irán
53%
País Libia
53%
País Libia
53%
País Madagascar
53%
País Malaui
53%
País Malí
53%
País Malta
53%
País Mónaco
53%
País Montenegro
53%
País Namibia
53%
País Níger
53%
País República Centroafricana
53%
País República Centroafricana
53%
País República Checa
53%
País Rumania
53%
País Rumania
53%
País San Marino
53%
País Sri Lanka
53%
País Sudán
53%
País Sudán del Sur
53%
País Sudán del Sur
53%
País Taiwán
53%
País Turquía
53%
País Turquía
53%
País Turquía
53%
País Uganda
53%
País Zambia
53%
País Zambia
53%
País Zambia
53%
País Zimbabue
53%
País Albania
52%
País Albania
52%
País Angola
52%
País Azerbaiyán
52%
País Baréin
52%
País Baréin
52%
País Bosnia y Herzegovina
52%
País Bosnia y Herzegovina
52%
País Bosnia y Herzegovina
52%
País Botsuana
52%
País Bulgaria
52%
País Burkina Faso
52%
País Burundi
52%
País Burundi
52%
País Burundi
52%
País Bután
52%
País Cabo Verde
52%
País Camerún
52%
País Camerún
52%
País Catar
52%
País Chad
52%
País Colombia
52%
País Croacia
52%
País El Salvador
52%
País Eritrea
52%
País Eslovaquia
52%
País Eslovenia
52%
País Francia
52%
País Gambia
52%
País Georgia
52%
País Haití
52%
País Hungría
52%
País Hungría
52%
País Irak
52%
País Irán
52%
País Irán
52%
País Islas Salomón
52%
País Israel
52%
País Jordania
52%
País Kenia
52%
País Kenia
52%
País Kirguistán
52%
País Kirguistán
52%
País Kosovo
52%
País Kuwait
52%
País Letonia
52%
País Madagascar
52%
País Malaui
52%
País Maldivas
52%
País Mauritania
52%
País Mauritania
52%
País Mozambique
52%
País Namibia
52%
País Omán
52%
País República Centroafricana
52%
País República Checa
52%
País República Democrática del Congo
52%
País Ruanda
52%
País Rumania
52%
País Serbia
52%
País Serbia
52%
País Sierra Leona
52%
País Sierra Leona
52%
País Singapur
52%
País Sudáfrica
52%
País Sudán del Sur
52%
País Tanzania
52%
País Timor Oriental
52%
País Trinidad y Tobago
52%
País Turquía
52%
País Tuvalu
52%
País Ucrania
52%
País Ucrania
52%
País Uganda
52%
País Bangladés
51%
País Brunéi
51%
País Bulgaria
51%
País Burkina Faso
51%
País Cabo Verde
51%
País Chad
51%
País Ciudad del Vaticano
51%
País Costa Rica
51%
País Eslovaquia
51%
País Filipinas
51%
País Francia
51%
País Georgia
51%
País Guinea
51%
País India
51%
País Irak
51%
País Israel
51%
País Kazajistán
51%
País Malasia
51%
País Malta
51%
País Mauritania
51%
País Myanmar
51%
País Pakistán
51%
País Rumania
51%
País Rumania
51%
País Suecia
51%
País Taiwán
51%
País Angola
50%
País Antigua y Barbuda
50%
País Arabia Saudita
50%
País Austria
50%
País Bangladés
50%
País Benín
50%
País Burundi
50%
País Burundi
50%
País Burundi
50%
País Camerún
50%
País Chipre
50%
País Colombia
50%
País Costa de Marfil
50%
País Costa de Marfil
50%
País Costa Rica
50%
País Costa Rica
50%
País Dominica
50%
País Egipto
50%
País Eritrea
50%
País Eslovaquia
50%
País Eslovaquia
50%
País Eslovaquia
50%
País Etiopía
50%
País Etiopía
50%
País Etiopía
50%
País Filipinas
50%
País Gabón
50%
País Gabón
50%
País Ghana
50%
País Guinea Ecuatorial
50%
País Honduras
50%
País Hungría
50%
País Hungría
50%
País India
50%
País Indonesia
50%
País Indonesia
50%
País Islas Salomón
50%
País Israel
50%
País Kosovo
50%
País Kuwait
50%
País Líbano
50%
País Libia
50%
País Luxemburgo
50%
País Macedonia del Norte
50%
País Madagascar
50%
País Malaui
50%
País Malta
50%
País Montenegro
50%
País Mozambique
50%
País Namibia
50%
País Nauru
50%
País Nicaragua
50%
País Níger
50%
País Omán
50%
País República Centroafricana
50%
País República Centroafricana
50%
País República Checa
50%
País Ruanda
50%
País Santa Lucía
50%
País Santo Tomé y Príncipe
50%
País Serbia
50%
País Singapur
50%
País Siria
50%
País Somalia
50%
País Somalia
50%
País Tanzania
50%
País Tanzania
50%
País Tanzania
50%
País Tayikistán
50%
País Togo
50%
País Togo
50%
País Ucrania
50%
País Uzbekistán
50%
País Yibuti
50%
País Zimbabue
50%
País Zimbabue
50%
País Albania
49%
País Azerbaiyán
49%
País Azerbaiyán
49%
País Bangladés
49%
País Colombia
49%
País Eslovenia
49%
País Eslovenia
49%
País Georgia
49%
País Ghana
49%
País Guinea Ecuatorial
49%
País Honduras
49%
País Irak
49%
País Irán
49%
País Irlanda
49%
País Kenia
49%
País Kiribati
49%
País Nicaragua
49%
País Nigeria
49%
País Pakistán
49%
País Samoa
49%
País Siria
49%
País Turquía
49%
País Afganistán
48%
País Albania
48%
País Angola
48%
País Angola
48%
País Angola
48%
País Angola
48%
País Angola
48%
País Antigua y Barbuda
48%
País Armenia
48%
País Armenia
48%
País Australia
48%
País Baréin
48%
País Burundi
48%
País Camerún
48%
País Colombia
48%
País Colombia
48%
País Colombia
48%
País Croacia
48%
País Croacia
48%
País Cuba
48%
País Dominica
48%
País Eritrea
48%
País Eslovenia
48%
País Etiopía
48%
País Etiopía
48%
País Francia
48%
País Gabón
48%
País Gambia
48%
País Guinea
48%
País Hungría
48%
País Hungría
48%
País Jordania
48%
País Kenia
48%
País Kirguistán
48%
País Kiribati
48%
País Kuwait
48%
País Madagascar
48%
País Mauritania
48%
País Montenegro
48%
País Mozambique
48%
País Nicaragua
48%
País Nigeria
48%
País Nigeria
48%
País Noruega
48%
País República Centroafricana
48%
País República Democrática del Congo
48%
País República Dominicana
48%
País Ruanda
48%
País Sri Lanka
48%
País Sudán del Sur
48%
País Tayikistán
48%
País Tonga
48%
País Turkmenistán
48%
País Uganda
48%
País Uganda
48%
País Yibuti
48%
País Argelia
47%
País Argelia
47%
País Armenia
47%
País Azerbaiyán
47%
País Bahamas
47%
País Bangladés
47%
País Bosnia y Herzegovina
47%
País Burundi
47%
País Camerún
47%
País Camerún
47%
País Chipre
47%
País Filipinas
47%
País Hungría
47%
País India
47%
País Irlanda
47%
País Israel
47%
País Jordania
47%
País Kirguistán
47%
País Lesoto
47%
País Libia
47%
País Malaui
47%
País Malí
47%
País Níger
47%
País Nigeria
47%
País Papúa Nueva Guinea
47%
País República Centroafricana
47%
País República Checa
47%
País Ruanda
47%
País Ruanda
47%
País Rumania
47%
País Seychelles
47%
País Siria
47%
País Ucrania
47%
País Ucrania
47%
País Uganda
47%
País Uganda
47%
País Venezuela
47%
País Yemen
47%
País Zambia
47%
País Zimbabue
47%
País Austria
46%
País Austria
46%
País Benín
46%
País Burkina Faso
46%
País Ciudad del Vaticano
46%
País Costa de Marfil
46%
País Croacia
46%
País Egipto
46%
País El Salvador
46%
País Filipinas
46%
País Gambia
46%
País Ghana
46%
País Guinea-Bissau
46%
País Hungría
46%
País Irak
46%
País Lesoto
46%
País Liberia
46%
País Malaui
46%
País Mauritania
46%
País Moldavia
46%
País Myanmar
46%
País Nicaragua
46%
País Nueva Zelanda
46%
País Pakistán
46%
País Portugal
46%
País Reino Unido
46%
País Samoa
46%
País Santo Tomé y Príncipe
46%
País Santo Tomé y Príncipe
46%
País Taiwán
46%
País Venezuela
46%
País Azerbaiyán
45%
País Bosnia y Herzegovina
45%
País Camboya
45%
País Camerún
45%
País Chad
45%
País Chipre
45%
País Croacia
45%
País Croacia
45%
País Cuba
45%
País Eslovenia
45%
País Etiopía
45%
País Filipinas
45%
País Ghana
45%
País Granada
45%
País Hungría
45%
País Irán
45%
País Irlanda
45%
País Kosovo
45%
País Macedonia del Norte
45%
País Malaui
45%
País Maldivas
45%
País Malí
45%
País Mónaco
45%
País Mónaco
45%
País Montenegro
45%
País Nigeria
45%
País Nueva Zelanda
45%
País Omán
45%
País República Checa
45%
País Siria
45%
País Siria
45%
País Sudán
45%
País Tanzania
45%
País Togo
45%
País Turquía
45%
País Venezuela
45%
País Venezuela
45%
País Angola
44%
País Arabia Saudita
44%
País Armenia
44%
País Azerbaiyán
44%
País Benín
44%
País Botsuana
44%
País Catar
44%
País Catar
44%
País Colombia
44%
País Colombia
44%
País Comoras
44%
País Costa Rica
44%
País Dominica
44%
País El Salvador
44%
País Eslovaquia
44%
País Esuatini
44%
País Etiopía
44%
País Filipinas
44%
País Fiyi
44%
País Ghana
44%
País Granada
44%
País Honduras
44%
País Hungría
44%
País Kazajistán
44%
País Kazajistán
44%
País Kenia
44%
País Lesoto
44%
País Liberia
44%
País Liberia
44%
País Malaui
44%
País Maldivas
44%
País Moldavia
44%
País Moldavia
44%
País Mozambique
44%
País Mozambique
44%
País Namibia
44%
País Nicaragua
44%
País Nueva Zelanda
44%
País Nueva Zelanda
44%
País Omán
44%
País Papúa Nueva Guinea
44%
País Polonia
44%
País República Checa
44%
País San Cristóbal y Nieves
44%
País San Cristóbal y Nieves
44%
País San Marino
44%
País Santo Tomé y Príncipe
44%
País San Vicente y las Granadinas
44%
País Tailandia
44%
País Tanzania
44%
País Tanzania
44%
País Tayikistán
44%
País Timor Oriental
44%
País Timor Oriental
44%
País Uganda
44%
País Venezuela
44%
País Venezuela
44%
País Yemen
44%
País Zambia
44%
País Zimbabue
44%
País Arabia Saudita
43%
País Argelia
43%
País Austria
43%
País Bosnia y Herzegovina
43%
País Botsuana
43%
País Botsuana
43%
País Bulgaria
43%
País Burkina Faso
43%
País Burundi
43%
País Cabo Verde
43%
País Chad
43%
País Chad
43%
País Comoras
43%
País Costa de Marfil
43%
País Costa Rica
43%
País Croacia
43%
País Emiratos Árabes Unidos
43%
País Etiopía
43%
País Etiopía
43%
País Francia
43%
País Honduras
43%
País Islas Salomón
43%
País Laos
43%
País Lesoto
43%
País Macedonia del Norte
43%
País Macedonia del Norte
43%
País Macedonia del Norte
43%
País Madagascar
43%
País Mozambique
43%
País Nicaragua
43%
País Níger
43%
País Panamá
43%
País República Checa
43%
País República Checa
43%
País Ruanda
43%
País San Marino
43%
País San Marino
43%
País Somalia
43%
País Tanzania
43%
País Togo
43%
País Túnez
43%
País Ucrania
43%
País Vanuatu
43%
País Zambia
43%
País Afganistán
42%
País Arabia Saudita
42%
País Austria
42%
País Burkina Faso
42%
País Burkina Faso
42%
País Burundi
42%
País Burundi
42%
País Colombia
42%
País Emiratos Árabes Unidos
42%
País Eritrea
42%
País Etiopía
42%
País Filipinas
42%
País Fiyi
42%
País Francia
42%
País Gabón
42%
País Haití
42%
País Haití
42%
País Hungría
42%
País Hungría
42%
País Irak
42%
País Irán
42%
País Irán
42%
País Kenia
42%
País Kirguistán
42%
País Mozambique
42%
País Níger
42%
País Omán
42%
País Portugal
42%
País República Dominicana
42%
País Sudán
42%
País Sudán
42%
País Sudán del Sur
42%
País Turkmenistán
42%
País Ucrania
42%
País Uganda
42%
País Yemen
42%
País Afganistán
41%
País Antigua y Barbuda
41%
País Australia
41%
País Burundi
41%
País Cabo Verde
41%
País Colombia
41%
País Costa de Marfil
41%
País Eslovaquia
41%
País Estados Federados de Micronesia
41%
País Estados Federados de Micronesia
41%
País Esuatini
41%
País Filipinas
41%
País Francia
41%
País Francia
41%
País Guatemala
41%
País Israel
41%
País Jamaica
41%
País Kenia
41%
País Kosovo
41%
País Madagascar
41%
País Madagascar
41%
País Malaui
41%
País Malaui
41%
País México
41%
País Mozambique
41%
País Mozambique
41%
País Mozambique
41%
País Myanmar
41%
País Myanmar
41%
País Pakistán
41%
País República Democrática del Congo
41%
País Samoa
41%
País San Marino
41%
País Seychelles
41%
País Siria
41%
País Somalia
41%
País Sudán
41%
País Túnez
41%
País Turquía
41%
País Uganda
41%
País Venezuela
41%
País Yemen
41%
País Albania
40%
País Angola
40%
País Angola
40%
País Antigua y Barbuda
40%
País Austria
40%
País Bahamas
40%
País Bangladés
40%
País Barbados
40%
País Brasil
40%
País Chipre
40%
País Colombia
40%
País Francia
40%
País Guyana
40%
País Hungría
40%
País Líbano
40%
País Namibia
40%
País Níger
40%
País Palaos
40%
País República Dominicana
40%
País Siria
40%
País Togo
40%
País Tonga
40%
País Turquía
40%
País Uzbekistán
40%
País Albania
39%
País Angola
39%
País Antigua y Barbuda
39%
País Arabia Saudita
39%
País Armenia
39%
País Baréin
39%
País Bosnia y Herzegovina
39%
País Bulgaria
39%
País Bulgaria
39%
País Burundi
39%
País Chipre
39%
País Croacia
39%
País Eritrea
39%
País Eslovaquia
39%
País Esuatini
39%
País Etiopía
39%
País Francia
39%
País Francia
39%
País Guyana
39%
País Haití
39%
País Kenia
39%
País Kiribati
39%
País Kuwait
39%
País Laos
39%
País Maldivas
39%
País Malí
39%
País Myanmar
39%
País Nigeria
39%
País Portugal
39%
País República Centroafricana
39%
País Ruanda
39%
País San Marino
39%
País Serbia
39%
País Siria
39%
País Sudán
39%
País Trinidad y Tobago
39%
País Yemen
39%
País Yibuti
39%
País Argelia
38%
País Australia
38%
País Bangladés
38%
País Baréin
38%
País Baréin
38%
País Bosnia y Herzegovina
38%
País Botsuana
38%
País Brasil
38%
País Brunéi
38%
País Bulgaria
38%
País Burkina Faso
38%
País Burundi
38%
País Bután
38%
País Catar
38%
País Chipre
38%
País Comoras
38%
País Cuba
38%
País Emiratos Árabes Unidos
38%
País Eritrea
38%
País Eritrea
38%
País Guinea-Bissau
38%
País Guinea-Bissau
38%
País Honduras
38%
País Kiribati
38%
País Kuwait
38%
País Lesoto
38%
País Macedonia del Norte
38%
País Malaui
38%
País Malí
38%
País Mauritania
38%
País Myanmar
38%
País Myanmar
38%
País Noruega
38%
País República Centroafricana
38%
País Rumania
38%
País San Marino
38%
País Sierra Leona
38%
País Siria
38%
País Turkmenistán
38%
País Yemen
38%
País Arabia Saudita
37%
País Arabia Saudita
37%
País Bahamas
37%
País Belice
37%
País Benín
37%
País Benín
37%
País Benín
37%
País Camboya
37%
País Camerún
37%
País Catar
37%
País Croacia
37%
País Esuatini
37%
País Fiyi
37%
País Fiyi
37%
País Jordania
37%
País Líbano
37%
País Maldivas
37%
País Malta
37%
País Nauru
37%
País República Centroafricana
37%
País República Dominicana
37%
País República Dominicana
37%
País Sudán del Sur
37%
País Tanzania
37%
País Togo
37%
País Arabia Saudita
36%
País Baréin
36%
País Benín
36%
País Burkina Faso
36%
País Cabo Verde
36%
País Camerún
36%
País Comoras
36%
País Emiratos Árabes Unidos
36%
País Eslovaquia
36%
País Etiopía
36%
País Gabón
36%
País Guinea
36%
País Honduras
36%
País Maldivas
36%
País Mozambique
36%
País Omán
36%
País Ruanda
36%
País San Marino
36%
País Togo
36%
País Turquía
36%
País Ucrania
36%
País Zambia
36%
País Antigua y Barbuda
35%
País Azerbaiyán
35%
País Barbados
35%
País Bielorrusia
35%
País Bosnia y Herzegovina
35%
País Burkina Faso
35%
País Burundi
35%
País Camboya
35%
País Chipre
35%
País Dominica
35%
País Eslovaquia
35%
País Estados Federados de Micronesia
35%
País Francia
35%
País Georgia
35%
País Honduras
35%
País Líbano
35%
País Omán
35%
País República Dominicana
35%
País Ruanda
35%
País Samoa
35%
País San Cristóbal y Nieves
35%
País San Marino
35%
País Santa Lucía
35%
País Seychelles
35%
País Singapur
35%
País Trinidad y Tobago
35%
País Uganda
35%
País Yemen
35%
País Cuba
34%
País Filipinas
34%
País Islas Marshall
34%
País Islas Marshall
34%
País Islas Salomón
34%
País Macedonia del Norte
34%
País Montenegro
34%
País Montenegro
34%
País Nauru
34%
País Papúa Nueva Guinea
34%
País Seychelles
34%
País Tuvalu
34%
País Vanuatu
34%
País Yibuti
34%
País Arabia Saudita
33%
País Bangladés
33%
País Baréin
33%
País Baréin
33%
País Colombia
33%
País Comoras
33%
País Comoras
33%
País Costa Rica
33%
País Croacia
33%
País Emiratos Árabes Unidos
33%
País Eslovaquia
33%
País Guinea-Bissau
33%
País Guinea Ecuatorial
33%
País Haití
33%
País Jamaica
33%
País Jordania
33%
País Kiribati
33%
País Kuwait
33%
País Líbano
33%
País Malaui
33%
País Mónaco
33%
País Omán
33%
País Palaos
33%
País Portugal
33%
País Ruanda
33%
País Samoa
33%
País San Marino
33%
País Tuvalu
33%
País Ucrania
33%
País Uzbekistán
33%
País Yemen
33%
País Zimbabue
33%
País Arabia Saudita
32%
País Barbados
32%
País Baréin
32%
País Bosnia y Herzegovina
32%
País Brunéi
32%
País Chipre
32%
País Comoras
32%
País Dominica
32%
País Dominica
32%
País Eritrea
32%
País Honduras
32%
País Jordania
32%
País Kiribati
32%
País Madagascar
32%
País Mozambique
32%
País Nicaragua
32%
País Nigeria
32%
País Nigeria
32%
País Noruega
32%
País Nueva Zelanda
32%
País Palaos
32%
País San Cristóbal y Nieves
32%
País San Marino
32%
País Santa Lucía
32%
País Santa Lucía
32%
País San Vicente y las Granadinas
32%
País Senegal
32%
País Serbia
32%
País Seychelles
32%
País Seychelles
32%
País Timor Oriental
32%
País Trinidad y Tobago
32%
País Turkmenistán
32%
País Turquía
32%
País Uganda
32%
País Vietnam
32%
País Yemen
32%
País Bosnia y Herzegovina
31%
País Bosnia y Herzegovina
31%
País Cuba
31%
País Ecuador
31%
País Ecuador
31%
País Ecuador
31%
País Estados Federados de Micronesia
31%
País Guatemala
31%
País Indonesia
31%
País Indonesia
31%
País Indonesia
31%
País Islas Salomón
31%
País Islas Salomón
31%
País Jamaica
31%
País Kiribati
31%
País Malta
31%
País Namibia
31%
País Papúa Nueva Guinea
31%
País Papúa Nueva Guinea
31%
País Perú
31%
País Perú
31%
País Perú
31%
País Samoa
31%
País Sierra Leona
31%
País Sudán del Sur
31%
País Tuvalu
31%
País Vietnam
31%
País Yibuti
31%
País Bahamas
30%
País Bangladés
30%
País Bangladés
30%
País Baréin
30%
País Bosnia y Herzegovina
30%
País Burundi
30%
País Cabo Verde
30%
País Comoras
30%
País Costa de Marfil
30%
País Dominica
30%
País Dominica
30%
País Emiratos Árabes Unidos
30%
País Estados Federados de Micronesia
30%
País Estados Federados de Micronesia
30%
País Ghana
30%
País Ghana
30%
País Granada
30%
País Guinea
30%
País Jamaica
30%
País Maldivas
30%
País Malí
30%
País Mónaco
30%
País Nicaragua
30%
País República Dominicana
30%
País San Cristóbal y Nieves
30%
País San Cristóbal y Nieves
30%
País Santa Lucía
30%
País Santa Lucía
30%
País San Vicente y las Granadinas
30%
País Sierra Leona
30%
País Tuvalu
30%
País Bahamas
29%
País Bangladés
29%
País Benín
29%
País Brunéi
29%
País Brunéi
29%
País Chipre
29%
País Egipto
29%
País El Salvador
29%
País Emiratos Árabes Unidos
29%
País Granada
29%
País Guyana
29%
País Letonia
29%
País Madagascar
29%
País Malaui
29%
País Malí
29%
País Nauru
29%
País Palaos
29%
País República Dominicana
29%
País San Vicente y las Granadinas
29%
País Tuvalu
29%
País Zambia
29%
País Antigua y Barbuda
28%
País Bahamas
28%
País Costa de Marfil
28%
País Croacia
28%
País Eritrea
28%
País Estados Federados de Micronesia
28%
País Gambia
28%
País Guinea
28%
País Guinea-Bissau
28%
País Guinea Ecuatorial
28%
País Irak
28%
País Kenia
28%
País Kuwait
28%
País Liberia
28%
País Maldivas
28%
País Malí
28%
País Nicaragua
28%
País Samoa
28%
País San Vicente y las Granadinas
28%
País Seychelles
28%
País Uganda
28%
País Angola
27%
País Comoras
27%
País Costa Rica
27%
País El Salvador
27%
País Honduras
27%
País Kiribati
27%
País Nauru
27%
País San Marino
27%
País Santa Lucía
27%
País Sudán
27%
País Sudán del Sur
27%
País Yibuti
27%
País Antigua y Barbuda
26%
País Antigua y Barbuda
26%
País Brunéi
26%
País Cabo Verde
26%
País Cabo Verde
26%
País Eritrea
26%
País Estados Federados de Micronesia
26%
País Esuatini
26%
País Francia
26%
País Francia
26%
País Granada
26%
País Islas Marshall
26%
País Jamaica
26%
País Maldivas
26%
País Palaos
26%
País Portugal
26%
País San Cristóbal y Nieves
26%
País Senegal
26%
País Serbia
26%
País Togo
26%
País Túnez
26%
País Yemen
26%
País Yemen
26%
País Jamaica
25%
País Mónaco
25%
País Países Bajos
25%
País Palaos
25%
País Papúa Nueva Guinea
25%
País Papúa Nueva Guinea
25%
País San Cristóbal y Nieves
25%
País Sudán
25%
País Tonga
25%
País Fiyi
24%
País Malaui
24%
País Malaui
24%
País Nauru
24%
País San Vicente y las Granadinas
24%
País Tonga
24%
País Tonga
24%
País Tuvalu
24%
País Antigua y Barbuda
23%
País Antigua y Barbuda
23%
País Azerbaiyán
23%
País Benín
23%
País Eritrea
23%
País Etiopía
23%
País Fiyi
23%
País Gambia
23%
País Georgia
23%
País Islas Marshall
23%
País Islas Salomón
23%
País Myanmar
23%
País Países Bajos
23%
País Portugal
23%
País San Cristóbal y Nieves
23%
País Santo Tomé y Príncipe
23%
País San Vicente y las Granadinas
23%
País Senegal
23%
País Sierra Leona
23%
País Baréin
22%
País Bosnia y Herzegovina
22%
País Gabón
22%
País Nauru
22%
País San Cristóbal y Nieves
22%
País San Marino
22%
País Vanuatu
22%
País Yemen
22%
País Chipre
21%
País Dominica
21%
País Ghana
21%
País Guinea-Bissau
21%
País Guyana
21%
País Honduras
21%
País Mauritania
21%
País Myanmar
21%
País San Cristóbal y Nieves
21%
País Seychelles
21%
País Surinam
21%
País Tonga
21%
País Tuvalu
21%
País Albania
20%
País Bahamas
20%
País Dominica
20%
País Estados Federados de Micronesia
20%
País Kiribati
20%
País Nigeria
20%
País Países Bajos
20%
País Palaos
20%
País Samoa
20%
País Sudán
20%
País Austria
19%
País Costa de Marfil
19%
País Estados Federados de Micronesia
19%
País Gambia
19%
País Honduras
19%
País Islas Marshall
19%
País Liberia
19%
País Maldivas
19%
País Nauru
19%
País Nauru
19%
País Nueva Zelanda
19%
País Palaos
19%
País Samoa
19%
País Surinam
19%
País Tonga
19%
País Tuvalu
19%
País Vietnam
19%
País Bielorrusia
18%
País Cabo Verde
18%
País Malí
18%
País República Centroafricana
18%
País Seychelles
18%
País Estados Federados de Micronesia
17%
País Gabón
17%
País Ghana
17%
País Guyana
17%
País Guyana
17%
País Omán
17%
País Países Bajos
17%
País Bosnia y Herzegovina
16%
País Croacia
16%
País Letonia
16%
País Maldivas
16%
País Omán
16%
País Países Bajos
16%
País Palaos
16%
País República Dominicana
16%
País Arabia Saudita
15%
País Belice
15%
País Costa de Marfil
15%
País Dominica
15%
País Guinea-Bissau
15%
País Liberia
15%
País Países Bajos
15%
País Países Bajos
15%
País Países Bajos
15%
País Papúa Nueva Guinea
15%
País Sierra Leona
15%
País Jamaica
14%
País Montenegro
14%
País Sudán
14%
País Bielorrusia
13%
País Surinam
13%
País Belice
12%
País El Salvador
12%
País Letonia
12%
País Países Bajos
11%
País Bahamas
10%
País Países Bajos
10%
País Países Bajos
10%
País Papúa Nueva Guinea
10%
País Serbia
10%
País Myanmar
9%
País Países Bajos
9%
País Santo Tomé y Príncipe
8%
País Países Bajos
7%
País Guatemala
6%
País Países Bajos
6%
País Países Bajos
5%
País Omán
3%
País República Centroafricana
0%
No se encontraron pruebas coincidentes
Distribución de puntuación
Porcentaje de gente con cada puntuación
Porcentaje por número respondido
Historial de tus puntuaciones
No has intentado esta prueba.